| 000 | 01749nmb a2200265 i 4500 | ||
|---|---|---|---|
| 001 | 194003 | ||
| 003 | ES-MaACL | ||
| 005 | 20250704062602.0 | ||
| 008 | 240315e2017 sp ||||| |||| 00| 0 spa d | ||
| 040 |
_bspa _cES-MaACL |
||
| 100 | 1 |
_9166118 _aRuiz Fernández, José, _d1946- _eaut |
|
| 245 | 1 | 3 |
_aLa tertulia política del Ateneo de Madrid de Agustín García Calvo _h[Recurso electrónico] / _cJesús Ruiz Fernández |
| 260 |
_a[Madrid] : _bRes Publica, _c2017 |
||
| 300 | _aP. 325-339 | ||
| 336 |
_2rdacontent _atexto |
||
| 337 |
_2rdamedia _asin mediación |
||
| 338 |
_2rdacarrier _avolumen |
||
| 500 | _aArtículo de Jesús Ruiz Fernández sobre la tertulia política de Agustín García Calvo en el Ateneo de Madrid, publicado en "Res publica: revista de historia de las ideas políticas", 2017, n. 2, p. 325-339, ISSN-e 1989-6115 | ||
| 520 | _aPara Agustín García Calvo la tertulia política del Ateneo de Madrid era un caso insólito en el mundo. De igual forma podría decirse que es insólito que un autor de su talla intelectual y vastísima obra no disponga prácticamente de ningún estudio académico. Aparte de ser la mejor manera de acercarse a su pensamiento, la tertulia fue el núcleo de su vida y obra. Esa alternativa que tantas veces se le pedía, y que él prefirió ofrecer, en lugar de con palabras, con hechos, en acto. El artículo también se refiere a la relación de la tertulia del Ateneo con la Asamblea Libre de la Puerta del Sol del 15M y las asambleas de 1965 | ||
| 600 | 1 | 4 |
_aGarcía Calvo, Agustín, _d1926-2012 _9233841 |
| 610 | 2 | 4 |
_aAteneo de Madrid- _vHistoria _91925 |
| 856 |
_uhttps://doi.org/10.5209/RPUB.56473 _yVersión en línea _z(Res publica) |
||
| 942 |
_2udc _n0 _cANAB |
||
| 999 |
_c194003 _d194003 |
||